Entry Nombre personal
001 - NÚMERO DE CONTROL
- campo de control: 110523
003 - IDENTIFICADOR DE NÚMERO DE CONTROL
- campo de control: OSt
005 - FECHA Y HORA DE LA ÚLTIMA TRANSACCIÓN
- campo de control: 20260212141856.0
008 - ELEMENTOS DE DATO DE LONGITUD-FIJA
- campo de control de longitud fija: 040518 n acnnnaaan n ann d
040 ## - FUENTE DE CATALOGACIÓN
- Centro catalogador/agencia de origen: OSt
- Centro/agencia transcriptor: OSt
100 0# - ENCABEZAMIENTO-NOMBRE DE PERSONA
- Nombre de persona: Tomás Moro,
- Títulos y otros términos asociados al nombre: Santo,
- Fechas asociadas al nombre: 1478-1535
400 1# - TRAZADO DE VÉASE--NOMBRE DE PERSONA
- Nombre de persona: More, Thomas
- Títulos y otros términos asociados al nombre: Sir
- Títulos y otros términos asociados al nombre: Saint (
- Fechas asociadas al nombre: 1478-1535)
400 1# - TRAZADO DE VÉASE--NOMBRE DE PERSONA
- Nombre de persona: Moro, Thomas (
- Fechas asociadas al nombre: 1478-1535)
400 0# - TRAZADO DE VÉASE--NOMBRE DE PERSONA
- Nombre de persona: Tomás Moro, Santo (1478-1535)
400 1# - TRAZADO DE VÉASE--NOMBRE DE PERSONA
- Nombre de persona: Moro, Tomás (
- Fechas asociadas al nombre: 1478-1535)
400 0# - TRAZADO DE VÉASE--NOMBRE DE PERSONA
- Nombre de persona: Thomas More, Santo (
- Fechas asociadas al nombre: 1478-1535)
